Poems/ (Record no. 190849)

MARC details
000 -LEADER
fixed length control field 00503nam a22001817a 4500
005 - DATE AND TIME OF LATEST TRANSACTION
control field 20220805172616.0
010 ## - LCCN (DPL NO)
LC control number ENG-134329
020 ## - INTERNATIONAL STANDARD BOOK NUMBER
International Standard Book Number 9789391984113
Terms of availability 650.00
035 ## - SYSTEM CONTROL NUMBER
System control number EN-117861
037 ## - SOURCE OF ACQUISITION
Source of stock number/acquisition DBAD/PUB
082 ## - DEWEY DECIMAL CLASSIFICATION NUMBER
Classification number 881
100 ## - MAIN ENTRY--PERSONAL NAME
Personal name Shastry, R.M. Prabhulinga
245 ## - TITLE STATEMENT
Title Poems/
Statement of responsibility, etc R.M. Prabhulinga Shastry
260 ## - PUBLICATION, DISTRIBUTION, ETC. (IMPRINT)
Place of publication, distribution, etc Bareilly
Name of publisher, distributor, etc Prakash Book Depot
Date of publication, distribution, etc 2021
270 ## - ADDRESS
Address Bara Bazar
City Bareilly
Postal code 243003
300 ## - PHYSICAL DESCRIPTION
Extent xiii, 232p.
Dimensions 22cm(pbk)
942 ## - ADDED ENTRY ELEMENTS (KOHA)
Source of classification or shelving scheme Dewey Decimal Classification
Item type English Books
Classification part 881
Call number suffix SHA
Holdings
Withdrawn status Lost status Not for loan Collection code Home library Current library Date acquired Source of acquisition Cost, normal purchase price Full call number Barcode Copy number Cost, replacement price Koha item type
      Non-fiction Bawana Bawana 05/08/2022 DBAD/PUB 650.00 881 SHA EN-117861 1 650.00 English Books

© Delhi Public Library
Hit Counter
free hit counter